[Event "SV Kamen 1 - SK Werther 1"]
[Site "NRW-Klasse - Gruppe 1 2021/20"]
[Date "2021.12.19"]
[Round "3.6"]
[White "Kilian, Ralf"]
[Black "Hufendiek, Ekkehard"]
[Result "0-1"]
[WhiteElo "2053"]
[BlackElo "1891"]
[PlyCount "92"]
[EventDate "2021.??.??"]
[SourceVersionDate "2020.03.16"]
[WhiteTeam "SV Kamen 1"]
[BlackTeam "SK Werther 1"]

1. d4 Nf6 2. c4 e6 3. Nf3 Bb4+ 4. Bd2 Qe7 5. a3 Bxd2+ 6. Qxd2 O-O 7. Nc3 d6 8.
e4 e5 9. d5 a5 10. Bd3 Nbd7 11. O-O Nc5 12. Bc2 Bg4 13. Ne1 Nh5 14. f3 Bd7 15.
g3 f5 16. Nd3 Nxd3 17. Bxd3 f4 18. g4 Nf6 19. Qg2 g5 20. b4 h5 21. h3 hxg4 22.
hxg4 Qh7 23. b5 Qh4 24. Qh2 Qxh2+ 25. Kxh2 Kg7 26. Be2 b6 27. Kg2 Be8 28. Rh1
Bg6 29. Rh3 Nd7 30. Na4 Nf6 31. Bd3 Rh8 32. Rxh8 Rxh8 33. Rh1 Nxg4 34. fxg4 f3+
35. Kg1 f2+ 36. Kg2 Bxe4+ 37. Bxe4 Rxh1 38. Kxf2 Ra1 39. c5 bxc5 40. b6 Ra2+
41. Kf1 cxb6 42. Nxb6 Rxa3 43. Nc4 Ra1+ 44. Kf2 a4 45. Nxd6 a3 46. Nf5+ Kf6 0-1

[Event "SV Kamen 1 - SK Werther 1"]
[Site "NRW-Klasse - Gruppe 1 2021/20"]
[Date "2021.12.19"]
[Round "3.7"]
[White "Ortpaul, Mario"]
[Black "Georg, Heinz"]
[Result "0-1"]
[WhiteElo "1864"]
[BlackElo "2080"]
[PlyCount "64"]
[EventDate "2021.??.??"]
[SourceVersionDate "2020.03.16"]
[WhiteTeam "SK Werther 1"]
[BlackTeam "SV Kamen 1"]

1. Nf3 f5 2. d3 d6 3. e4 e5 4. exf5 Bxf5 5. d4 e4 6. Qe2 c6 7. Nc3 Qe7 8. Ng5
d5 9. g4 Bg6 10. Be3 Nf6 11. Nh3 Qd7 12. Rg1 Bd6 13. Nf4 Bxf4 14. Bxf4 O-O 15.
Be3 Na6 16. h4 h5 17. Bh3 hxg4 18. Bxg4 Nxg4 19. Qxg4 Qxg4 20. Rxg4 Bh5 21. Rg5
Bf3 22. Kd2 Nc7 23. Rag1 Ne6 24. Rg6 Rae8 25. Ne2 Re7 26. c3 Kh7 27. R6g3 Rf5
28. Bg5 Ref7 29. Be3 Bxe2 30. Kxe2 Nf4+ 31. Kf1 Nd3 32. Rg5 Rxf2+ 0-1

[Event "SV Kamen 1 - SK Werther 1"]
[Site "NRW-Klasse - Gruppe 1 2021/20"]
[Date "2021.12.19"]
[Round "3.8"]
[White "Traunecker, Thomas"]
[Black "Geisler, Reinhard"]
[Result "1-0"]
[WhiteElo "1888"]
[BlackElo "1597"]
[PlyCount "73"]
[EventDate "2021.??.??"]
[SourceVersionDate "2020.03.16"]
[WhiteTeam "SV Kamen 1"]
[BlackTeam "SK Werther 1"]

1. e4 c5 2. Nf3 d6 3. Bb5+ Bd7 4. c4 g6 5. O-O Bg7 6. Nc3 Nf6 7. d4 cxd4 8.
Nxd4 O-O 9. Bxd7 Qxd7 10. Be3 Nc6 11. f3 Rac8 12. b3 Qd8 13. Qd2 Re8 14. Rac1
Qa5 15. Rfd1 a6 16. Nxc6 Rxc6 17. Ne2 Qxd2 18. Rxd2 Rcc8 19. c5 dxc5 20. e5 Nh5
21. g4 Bxe5 22. gxh5 Bd6 23. Rd5 f5 24. Bxc5 Bb8 25. Kg2 Kf7 26. Rd7 Rcd8 27.
Rcd1 Rc8 28. b4 b6 29. Bxb6 Rc2 30. hxg6+ hxg6 31. R1d2 Rc4 32. Bc5 Rh4 33. h3
g5 34. R2d4 Rh7 35. Rd8 Be5 36. Rxe8 Kxe8 37. Rd5 1-0

[Event "Herforder SV Königsspringer 1 - SV Kö"]
[Site "NRW-Klasse - Gruppe 1 2021/20"]
[Date "2021.12.19"]
[Round "3.1"]
[White "Frombach, Ralf"]
[Black "Loemker, Michael"]
[Result "1/2-1/2"]
[WhiteElo "2160"]
[BlackElo "2083"]
[PlyCount "117"]
[EventDate "2021.??.??"]
[SourceVersionDate "2020.03.16"]
[WhiteTeam "SV Königsspringer Hamm 1"]
[BlackTeam "Herforder SV Königsspringer 1"]

1. d4 g6 2. e4 Bg7 3. c4 Nc6 4. Be3 e5 5. d5 Nd4 6. Ne2 c5 7. Nbc3 Nf6 8. f3
O-O 9. Ng3 a6 10. Qd2 Qa5 11. Bd3 Nb3 12. axb3 Qxa1+ 13. Kf2 Qa5 14. Nge2 d6
15. g4 b5 16. cxb5 axb5 17. Bxb5 Rb8 18. Qd3 Bxg4 19. fxg4 Nxg4+ 20. Kf3 f5 21.
Qc4 Nxe3 22. Kxe3 Bh6+ 23. Kd3 fxe4+ 24. Kxe4 Rf7 25. Kd3 Rfb7 26. Qh4 Rxb5 27.
Qxh6 Rxb3 28. Rb1 Qb4 29. Qh3 c4+ 30. Ke4 Qb7 31. Qe6+ Qf7 32. Rf1 Qxe6 33.
dxe6 Rxb2 34. Kd5 Rd2+ 35. Kc6 d5 36. Nxd5 Rxe2 37. Kc7 Ra8 38. Ne7+ Kg7 39.
Nc8 Ra6 40. e7 Re6 41. Kd7 Rxe7+ 42. Kxe7 c3 43. Ke6 c2 44. Rc1 e4 45. Ke5 Rxh2
46. Kxe4 h5 47. Nd6 Kf6 48. Kf3 Ke6 49. Ne4 Ke5 50. Nf2 Kd4 51. Rxc2 g5 52. Kg3
Rh4 53. Re2 Rf4 54. Re8 h4+ 55. Kg2 g4 56. Rd8+ Kc4 57. Rg8 h3+ 58. Kg1 h2+ 59.
Kxh2 1/2-1/2

[Event "Herforder SV Königsspringer 1 - SV Kö"]
[Site "NRW-Klasse - Gruppe 1 2021/20"]
[Date "2021.12.19"]
[Round "3.2"]
[White "Quelle, Helmut"]
[Black "Prüß, Wilfried"]
[Result "1-0"]
[WhiteElo "2021"]
[BlackElo "2018"]
[PlyCount "49"]
[EventDate "2021.??.??"]
[SourceVersionDate "2020.03.16"]
[WhiteTeam "Herforder SV Königsspringer 1"]
[BlackTeam "SV Königsspringer Hamm 1"]

1. Nf3 d5 2. g3 Nf6 3. Bg2 e6 4. O-O Be7 5. c4 O-O 6. d4 b6 7. Nc3 Bb7 8. cxd5
Nxd5 9. Nxd5 Bxd5 10. Qd3 c5 11. dxc5 bxc5 12. Rd1 Bc6 13. Qc2 Qb6 14. Bg5 f6
15. Be3 Na6 16. a3 Qb7 17. Ne1 Bxg2 18. Nxg2 e5 19. Nh4 Rfd8 20. Qc4+ Kh8 21.
Qf7 Rf8 22. Qe6 Rfd8 23. Nf5 Bf8 24. Rxd8 Rxd8 25. Nh6 1-0

[Event "Herforder SV Königsspringer 1 - SV Kö"]
[Site "NRW-Klasse - Gruppe 1 2021/20"]
[Date "2021.12.19"]
[Round "3.3"]
[White "Gerard, Marcel"]
[Black "Hanisch, Bernd"]
[Result "1/2-1/2"]
[WhiteElo "1985"]
[BlackElo "1982"]
[PlyCount "64"]
[EventDate "2021.??.??"]
[SourceVersionDate "2020.03.16"]
[WhiteTeam "SV Königsspringer Hamm 1"]
[BlackTeam "Herforder SV Königsspringer 1"]

1. c4 e5 2. Nc3 Nc6 3. g3 g6 4. Bg2 Bg7 5. e4 Nge7 6. Nge2 d6 7. d3 O-O 8. O-O
Nd4 9. Nxd4 exd4 10. Ne2 c6 11. Rb1 a5 12. a3 a4 13. b4 axb3 14. Qxb3 c5 15.
Nf4 Qa5 16. Qb6 Ra6 17. Qxa5 Rxa5 18. Rb3 Ra7 19. Bd2 g5 20. Ne2 h6 21. Rfb1
Nc6 22. h3 Re8 23. Kf1 Bf8 24. f4 f6 25. g4 Be7 26. Ng3 Bd8 27. Nf5 Bxf5 28.
exf5 Re7 29. Re1 Rxe1+ 30. Kxe1 Na5 31. Rb5 b6 32. Bxa5 Rxa5 1/2-1/2

[Event "Herforder SV Königsspringer 1 - SV Kö"]
[Site "NRW-Klasse - Gruppe 1 2021/20"]
[Date "2021.12.19"]
[Round "3.4"]
[White "Klemme, Thomas"]
[Black "Schmidt, Ingo"]
[Result "1/2-1/2"]
[WhiteElo "1856"]
[BlackElo "1982"]
[PlyCount "60"]
[EventDate "2021.??.??"]
[SourceVersionDate "2020.03.16"]
[WhiteTeam "Herforder SV Königsspringer 1"]
[BlackTeam "SV Königsspringer Hamm 1"]

1. b3 Nf6 2. Bb2 d5 3. e3 c5 4. f4 Nc6 5. Nf3 Bg4 6. Bb5 a6 7. Bxc6+ bxc6 8.
O-O e6 9. d3 Be7 10. Nbd2 Qb6 11. Qe1 c4 12. dxc4 O-O 13. Kh1 Bf5 14. Rc1 Rad8
15. Ne5 Ne4 16. Nxe4 Bxe4 17. cxd5 exd5 18. Qg3 f6 19. Ng4 c5 20. Nf2 Bg6 21.
Rfd1 Rfe8 22. Qf3 Bf7 23. e4 d4 24. c3 f5 25. cxd4 fxe4 26. dxc5 Rxd1+ 27. Rxd1
Qxc5 28. Nxe4 Qc2 29. Be5 Rd8 30. Rxd8+ Bxd8 1/2-1/2

[Event "Herforder SV Königsspringer 1 - SV Kö"]
[Site "NRW-Klasse - Gruppe 1 2021/20"]
[Date "2021.12.19"]
[Round "3.5"]
[White "Paduch, Alexander"]
[Black "Heuermann, Heinz-Burkhard"]
[Result "1/2-1/2"]
[WhiteElo "1825"]
[BlackElo "1755"]
[PlyCount "76"]
[EventDate "2021.??.??"]
[SourceVersionDate "2020.03.16"]
[WhiteTeam "SV Königsspringer Hamm 1"]
[BlackTeam "Herforder SV Königsspringer 1"]

1. e4 c5 2. Nf3 e6 3. d4 cxd4 4. Nxd4 d6 5. Nc3 a6 6. Be3 Nf6 7. g4 h6 8. Rg1
Bd7 9. h4 g6 10. g5 hxg5 11. hxg5 Nh5 12. Qd2 Qc7 13. f4 Nc6 14. O-O-O O-O-O
15. Qf2 Bg7 16. Nb3 Rde8 17. Bb6 Qb8 18. e5 Bf8 19. Qd2 d5 20. Be2 Be7 21. Bxh5
Rxh5 22. Ne4 Reh8 23. Nf6 Rh2 24. Rg2 Rxg2 25. Qxg2 Bd8 26. Bxd8 Rxd8 27. Rh1
Qa7 28. Qd2 b6 29. Kb1 Qc7 30. Rh7 Rf8 31. Qc3 Kb7 32. Nd4 Nxd4 33. Qxd4 Rc8
34. c3 Bb5 35. a3 Rf8 36. Qb4 Qc5 37. Qd4 Qc8 38. Qb4 Qc5 1/2-1/2

[Event "Herforder SV Königsspringer 1 - SV Kö"]
[Site "NRW-Klasse - Gruppe 1 2021/20"]
[Date "2021.12.19"]
[Round "3.6"]
[White "Nußbaumer, Bernhard"]
[Black "Klaus, Michael"]
[Result "1/2-1/2"]
[WhiteElo "1805"]
[BlackElo "1832"]
[PlyCount "28"]
[EventDate "2021.??.??"]
[SourceVersionDate "2020.03.16"]
[WhiteTeam "Herforder SV Königsspringer 1"]
[BlackTeam "SV Königsspringer Hamm 1"]

1. d4 d5 2. Bf4 Nf6 3. e3 Bf5 4. Bd3 Bxd3 5. Qxd3 c6 6. c3 e6 7. Nf3 Bd6 8.
Bxd6 Qxd6 9. Nbd2 Nbd7 10. O-O O-O 11. e4 dxe4 12. Nxe4 Nxe4 13. Qxe4 Nf6 14.
Qe5 Rfd8 1/2-1/2

[Event "Herforder SV Königsspringer 1 - SV Kö"]
[Site "NRW-Klasse - Gruppe 1 2021/20"]
[Date "2021.12.19"]
[Round "3.7"]
[White "Przybela, Franz"]
[Black "Henningsmeyer, Oliver"]
[Result "1/2-1/2"]
[WhiteElo "1595"]
[BlackElo "1728"]
[PlyCount "47"]
[EventDate "2021.??.??"]
[SourceVersionDate "2020.03.16"]
[WhiteTeam "SV Königsspringer Hamm 1"]
[BlackTeam "Herforder SV Königsspringer 1"]

1. d4 d5 2. Nf3 c5 3. c3 e6 4. g3 Nf6 5. Bg2 Nc6 6. O-O Bd6 7. Re1 O-O 8. Nbd2
cxd4 9. cxd4 Qb6 10. e3 Bd7 11. a3 a5 12. Qb3 Qa7 13. Qd3 a4 14. e4 dxe4 15.
Nxe4 Nxe4 16. Qxe4 Be7 17. Be3 Qa5 18. Rad1 Bf6 19. Bd2 Qb5 20. Bc3 Ne7 21. Ne5
Bxe5 22. Qxe5 Nd5 23. Bxd5 Qxd5 24. Qxd5 1/2-1/2

[Event "Herforder SV Königsspringer 1 - SV Kö"]
[Site "NRW-Klasse - Gruppe 1 2021/20"]
[Date "2021.12.19"]
[Round "3.8"]
[White "Shabani, Petrit"]
[Black "Radke, Werner"]
[Result "1-0"]
[WhiteElo "1612"]
[BlackElo "1365"]
[PlyCount "109"]
[EventDate "2021.??.??"]
[SourceVersionDate "2020.03.16"]
[WhiteTeam "Herforder SV Königsspringer 1"]
[BlackTeam "SV Königsspringer Hamm 1"]

1. d4 d5 2. c3 Nf6 3. Bg5 e6 4. Nd2 Be7 5. e3 a6 6. Bd3 b5 7. Ngf3 Bb7 8. O-O
Nbd7 9. Rc1 O-O 10. Bb1 h6 11. Bh4 Ne4 12. Bxe7 Qxe7 13. Qc2 Ndf6 14. Ne5 Nd6
15. Ng4 Nde8 16. Nxf6+ Nxf6 17. Nf3 g6 18. Ne5 Rac8 19. f4 Ne4 20. Rf3 Kg7 21.
Qe2 c5 22. Bxe4 dxe4 23. Rg3 Rc7 24. Rf1 cxd4 25. exd4 Bd5 26. Rf2 Kh7 27. a3
Rg8 28. Ng4 h5 29. Rh3 Kg7 30. Ne3 f5 31. Rg3 Kf7 32. Rg5 Qf6 33. Nc2 Bc4 34.
Qe3 a5 35. Rd2 Rd7 36. Qg3 Kf8 37. Ne3 Bd3 38. h3 Rh7 39. d5 exd5 40. Nxd5 Qd6
41. Ne3 Rhg7 42. Qf2 Rd7 43. Qg3 Rdg7 44. Nc2 Qb6+ 45. Nd4 Qf6 46. Qe3 Re7 47.
Nb3 a4 48. Nc1 Qf7 49. Qc5 Qe6 50. Nxd3 exd3 51. Rxd3 Kg7 52. Rd6 Qe1+ 53. Kh2
Kh6 54. Qxf5 Reg7 55. Rxh5# 1-0

[Event "Schach Nienberge 1 - SC Porta Westfalic"]
[Site "NRW-Klasse - Gruppe 1 2021/20"]
[Date "2021.12.19"]
[Round "3.1"]
[White "Adiyaman, Rene"]
[Black "Mikeladze, Berdia"]
[Result "0-1"]
[WhiteElo "2091"]
[BlackElo "2381"]
[PlyCount "120"]
[EventDate "2021.??.??"]
[SourceVersionDate "2020.03.16"]
[WhiteTeam "SC Porta Westfalica  1"]
[BlackTeam "Schach Nienberge 1"]

1. e4 c6 2. d4 d5 3. exd5 cxd5 4. c4 Nf6 5. Nc3 g6 6. Qb3 Bg7 7. cxd5 O-O 8.
Be2 Na6 9. Bf3 Qb6 10. Nge2 Qxb3 11. axb3 Nb4 12. O-O Rd8 13. Ra5 a6 14. Bf4
Bg4 15. d6 Bxf3 16. dxe7 Rd5 17. Nxd5 Bxd5 18. Nc3 Be6 19. d5 b6 20. Ra4 Nbxd5
21. Nxd5 Nxd5 22. Rxa6 Re8 23. Bd6 Bxb2 24. Rd1 Bf6 25. h3 Bxe7 26. Be5 Bc5 27.
Bb2 Nb4 28. Ra3 Nc6 29. Raa1 Bxb3 30. Rd7 Be6 31. Rb7 Na5 32. Rc7 Nc4 33. Bf6
Nd6 34. Re1 Ra8 35. Be5 Ne8 36. Rb7 Bd5 37. Rd7 Bc6 38. Rd3 Ng7 39. Bd6 Ne6 40.
Be5 Bb5 41. Rd5 Bc4 42. Rd7 b5 43. Rb7 Bd4 44. Bd6 Ra2 45. Bg3 Kg7 46. Rd7 Ra1
47. Rxa1 Bxa1 48. Bd6 Bc3 49. Rb7 Kf6 50. f4 Bd4+ 51. Kh2 Nc5 52. Rc7 Ne4 53.
Rc6 Be6 54. Ba3 Kf5 55. Bc1 h5 56. g3 b4 57. Rc7 b3 58. Rb7 Nd6 59. Rb4 Ke4 60.
Ba3 Bc4 0-1

[Event "Schach Nienberge 1 - SC Porta Westfalic"]
[Site "NRW-Klasse - Gruppe 1 2021/20"]
[Date "2021.12.19"]
[Round "3.2"]
[White "Gottkehaskamp, Philipp"]
[Black "Liebelt, Jannik"]
[Result "1/2-1/2"]
[WhiteElo "2076"]
[BlackElo "2062"]
[Annotator "daniel"]
[PlyCount "152"]
[EventDate "2021.??.??"]
[SourceVersionDate "2020.03.16"]
[WhiteTeam "Schach Nienberge 1"]
[BlackTeam "SC Porta Westfalica  1"]

1. e4 e6 2. d3 d5 3. Qe2 dxe4 4. dxe4 e5 5. Nf3 Nc6 6. c3 Nf6 7. g3 a6 8. Bg2
Bc5 9. O-O O-O 10. b4 Ba7 11. a4 Re8 12. h3 Qe7 13. Ba3 Nb8 14. Nbd2 Nbd7 15.
Nh4 Nf8 16. Nc4 Bd7 17. Bc1 b5 18. Ne3 Bxe3 19. Bxe3 bxa4 20. Nf5 Qe6 21. Rfc1
Bc6 22. f3 g6 23. Nh6+ Kg7 24. Bf1 Reb8 25. Rcb1 N8d7 26. Qc4 Nb6 27. Qxe6 fxe6
28. c4 Rd8 29. g4 Ng8 30. Nxg8 Rxg8 31. Rc1 Rgd8 32. g5 Be8 33. Rc3 Rdb8 34. c5
Nc8 35. Rb1 Bb5 36. Rd1 Ne7 37. Bxb5 axb5 38. Rd7 Kf8 39. c6 a3 40. Bc5 a2 41.
Rc1 a1=Q 42. Bxe7+ Ke8 43. Rxa1 Rxa1+ 44. Kg2 Ra6 $11 45. Rxc7 Rbb6 46. Bc5
Rxc6 47. Rxh7 Ra2+ 48. Kg3 Rc2 49. Rg7 R2xc5 50. bxc5 Kf8 51. Rb7 Rxc5 52. h4
Kg8 53. h5 gxh5 54. Kh4 Rc3 55. Kxh5 Rxf3 56. Kg6 Kf8 57. Rxb5 Rf4 58. Rxe5 Ke7
59. Kg7 Rf7+ 60. Kg6 Rf4 61. Kg7 Rf7+ 62. Kh6 Rf4 63. Ra5 Rxe4 64. Kg7 e5 65.
Ra7+ Ke6 66. Ra6+ Kf5 67. g6 Rg4 68. Rf6+ Ke4 69. Kf7 Kd3 70. g7 Rxg7+ 71. Kxg7
e4 72. Rd6+ Kc3 73. Re6 Kd3 74. Ra6 e3 75. Ra3+ Kd2 76. Rxe3 Kxe3 1/2-1/2

[Event "Schach Nienberge 1 - SC Porta Westfalic"]
[Site "NRW-Klasse - Gruppe 1 2021/20"]
[Date "2021.12.19"]
[Round "3.3"]
[White "Traetmar, Mattis"]
[Black "Emiroglu, Murat"]
[Result "1-0"]
[WhiteElo "2030"]
[BlackElo "2123"]
[PlyCount "77"]
[EventDate "2021.??.??"]
[SourceVersionDate "2020.03.16"]
[WhiteTeam "SC Porta Westfalica  1"]
[BlackTeam "Schach Nienberge 1"]

1. e4 d5 2. exd5 Qxd5 3. Nc3 Qa5 4. d4 Bf5 5. Nf3 Nd7 6. Bc4 e6 7. O-O Ngf6 8.
d5 O-O-O 9. Bd2 Qc5 10. Bb3 Nxd5 11. Nxd5 exd5 12. Be3 Qa5 13. Nd4 Be4 14. Qh5
c5 15. Ne2 g6 16. Qg5 f6 17. Qf4 g5 18. Qg4 h5 19. Qe6 Rh7 20. Rfd1 Re7 21. Qh3
c4 22. Nc3 cxb3 23. axb3 Qc7 24. Rxa7 g4 25. Ra8+ Nb8 26. Qxh5 Rh7 27. Qxg4+ f5
28. Qg8 Qxh2+ 29. Kf1 Qh1+ 30. Ke2 Qh5+ 31. g4 Qf7 32. Qxf7 Rxf7 33. Nxe4 fxe4
34. Bb6 Rdd7 35. Ba7 Bd6 36. Rxd5 Bf4 37. Rc5+ Kd8 38. Bxb8 Rd2+ 39. Ke1 1-0

[Event "Schach Nienberge 1 - SC Porta Westfalic"]
[Site "NRW-Klasse - Gruppe 1 2021/20"]
[Date "2021.12.19"]
[Round "3.4"]
[White "Ringwelski, Marius"]
[Black "Kirnos, Evgeni"]
[Result "0-1"]
[WhiteElo "1992"]
[BlackElo "2190"]
[PlyCount "68"]
[EventDate "2021.??.??"]
[SourceVersionDate "2020.03.16"]
[WhiteTeam "Schach Nienberge 1"]
[BlackTeam "SC Porta Westfalica  1"]

1. d4 d5 2. c4 e6 3. Nc3 Nf6 4. Nf3 Nbd7 5. cxd5 exd5 6. Bg5 c6 7. e3 Be7 8.
Qc2 Nf8 9. Bd3 Ne6 10. Bxf6 Bxf6 11. b4 a6 12. O-O g6 13. a4 O-O 14. Rab1 Qd6
15. a5 Ng7 16. Na4 Bf5 17. Qc5 Qd8 18. Bxf5 Nxf5 19. Nb6 Rb8 20. Ne1 Re8 21.
Nd3 Nd6 22. Qc2 Nb5 23. Rb3 Qe7 24. Nc5 Rbd8 25. Qd3 Bg7 26. Rbb1 f5 27. Rbe1
Bxd4 28. exd4 Qxe1 29. Nxb7 Rb8 30. Nc5 Qxb4 31. Nxa6 Qxd4 32. Qxd4 Nxd4 33.
Nxb8 Rxb8 34. Ra1 Nb3 0-1

[Event "Schach Nienberge 1 - SC Porta Westfalic"]
[Site "NRW-Klasse - Gruppe 1 2021/20"]
[Date "2021.12.19"]
[Round "3.5"]
[White "Friesen, Viktor"]
[Black "Gottkehaskamp, Stefan"]
[Result "1/2-1/2"]
[WhiteElo "2133"]
[BlackElo "2023"]
[PlyCount "26"]
[EventDate "2021.??.??"]
[SourceVersionDate "2020.03.16"]
[WhiteTeam "SC Porta Westfalica  1"]
[BlackTeam "Schach Nienberge 1"]

1. Nf3 d5 2. g3 Bg4 3. Bg2 Nd7 4. O-O c6 5. d4 Ngf6 6. Nbd2 e6 7. c4 Be7 8. b3
O-O 9. Bb2 h6 10. Re1 Bf5 11. Ne5 Re8 12. h3 Qa5 13. a3 Rad8 1/2-1/2

[Event "Schach Nienberge 1 - SC Porta Westfalic"]
[Site "NRW-Klasse - Gruppe 1 2021/20"]
[Date "2021.12.19"]
[Round "3.6"]
[White "Kemper, Georg"]
[Black "Roos, Jonas"]
[Result "1/2-1/2"]
[WhiteElo "1975"]
[BlackElo "1868"]
[PlyCount "63"]
[EventDate "2021.??.??"]
[SourceVersionDate "2020.03.16"]
[WhiteTeam "Schach Nienberge 1"]
[BlackTeam "SC Porta Westfalica  1"]

1. d4 Nf6 2. c4 e6 3. g3 d5 4. Bg2 Nbd7 5. Nf3 c6 6. Nbd2 Bd6 7. O-O O-O 8. Qc2
b6 9. e4 dxe4 10. Nxe4 Nxe4 11. Qxe4 Bb7 12. Ne5 Rc8 13. Rd1 Nf6 14. Qe2 Qe7
15. b3 c5 16. Bxb7 Qxb7 17. Bb2 Rfd8 18. Ng4 Nxg4 19. Qxg4 Bf8 20. dxc5 bxc5
21. Qg5 Qe7 22. Qe3 Rc7 23. Bc3 Rcd7 24. Qe2 Rd6 25. Rac1 R8d7 26. Be5 Rxd1+
27. Rxd1 Qd8 28. Rxd7 Qxd7 29. Bc3 Qc7 30. Qd2 Bd6 31. Qg5 Bf8 32. Qd2 1/2-1/2

[Event "Schach Nienberge 1 - SC Porta Westfalic"]
[Site "NRW-Klasse - Gruppe 1 2021/20"]
[Date "2021.12.19"]
[Round "3.7"]
[White "Schulte, Norbert"]
[Black "Haas, Kai Markus"]
[Result "0-1"]
[WhiteElo "1833"]
[BlackElo "1900"]
[PlyCount "104"]
[EventDate "2021.??.??"]
[SourceVersionDate "2020.03.16"]
[WhiteTeam "SC Porta Westfalica  1"]
[BlackTeam "Schach Nienberge 1"]

1. d4 d6 2. g3 g6 3. Bg2 Bg7 4. Nf3 Nd7 5. O-O e5 6. c3 Ngf6 7. Bg5 h6 8. Bxf6
Qxf6 9. Nbd2 O-O 10. e3 Qe7 11. Nh4 Bf6 12. Nhf3 Re8 13. Ne4 Bg7 14. dxe5 dxe5
15. Nh4 Kh7 16. Qc2 f5 17. Nd2 c6 18. e4 f4 19. Rad1 Nb6 20. Ndf3 Bf6 21. Rd3
Be6 22. Rfd1 a5 23. Rd6 a4 24. Nxg6 Kxg6 25. gxf4 Kh7 26. fxe5 Bg7 27. b3 axb3
28. axb3 Ra3 29. c4 Rea8 30. Nd4 Bg4 31. f3 Bh5 32. Nf5 Qxe5 33. Nxg7 Kxg7 34.
Qd2 Bg6 35. f4 Qc5+ 36. Kh1 Ra1 37. f5 Rxd1+ 38. Qxd1 Bf7 39. h4 Qe5 40. Qg4+
Kh7 41. Rd1 Rg8 42. Qh3 Bh5 43. Rf1 Nd7 44. Qh2 Rg4 45. Bf3 Rf4 46. Qg3 Rxf3
47. Rxf3 Bxf3+ 48. Qxf3 Nf6 49. Qg2 Qxe4 50. Qxe4 Nxe4 51. Kg2 Kg7 52. Kh3 h5
0-1

[Event "Schach Nienberge 1 - SC Porta Westfalic"]
[Site "NRW-Klasse - Gruppe 1 2021/20"]
[Date "2021.12.19"]
[Round "3.8"]
[White "Keller, Dirk"]
[Black "Peters, Waldemar"]
[Result "1/2-1/2"]
[WhiteElo "1919"]
[BlackElo "1773"]
[PlyCount "40"]
[EventDate "2021.??.??"]
[SourceVersionDate "2020.03.16"]
[WhiteTeam "Schach Nienberge 1"]
[BlackTeam "SC Porta Westfalica  1"]

1. c4 c6 2. g3 d5 3. Bg2 e5 4. d4 e4 5. Nc3 Bb4 6. Qb3 Na6 7. cxd5 Bxc3+ 8.
bxc3 cxd5 9. f3 f5 10. Nh3 Nf6 11. Bg5 Nc7 12. Nf4 Qd6 13. Bxf6 gxf6 14. Rc1 b5
15. O-O h5 16. Qb4 Kd7 17. Bh3 Kc6 18. Qa5 Rh7 19. a4 a6 20. Rfd1 h4 1/2-1/2

[Event "SV Königsspringer Lemgo 1 - SK Münste"]
[Site "NRW-Klasse - Gruppe 1 2021/20"]
[Date "2021.12.19"]
[Round "3.1"]
[White "Korth, Daniel"]
[Black "Rapatinski, Konstantin"]
[Result "1/2-1/2"]
[WhiteElo "2164"]
[BlackElo "2122"]
[PlyCount "34"]
[EventDate "2021.??.??"]
[SourceVersionDate "2020.03.16"]
[WhiteTeam "SK Münster 3"]
[BlackTeam "SV Königsspringer Lemgo 1"]

1. d4 e6 2. g3 c5 3. Nf3 cxd4 4. Bg2 e5 5. O-O Nc6 6. c3 dxc3 7. Nxc3 Nf6 8.
Bg5 Be7 9. Qd2 O-O 10. Rfd1 d5 11. Bxf6 Bxf6 12. Nxd5 Be6 13. e4 Bxd5 14. exd5
Nd4 15. Nxd4 exd4 16. Qb4 Qd7 17. Rac1 Rac8 1/2-1/2

[Event "SV Königsspringer Lemgo 1 - SK Münste"]
[Site "NRW-Klasse - Gruppe 1 2021/20"]
[Date "2021.12.19"]
[Round "3.2"]
[White "Tuschinske, Matthias"]
[Black "Seegers, Hendrik"]
[Result "1-0"]
[WhiteElo "2086"]
[BlackElo "2088"]
[PlyCount "33"]
[EventDate "2021.??.??"]
[SourceVersionDate "2020.03.16"]
[WhiteTeam "SV Königsspringer Lemgo 1"]
[BlackTeam "SK Münster 3"]

1. e4 d5 2. exd5 Nf6 3. d4 Nxd5 4. Nf3 g6 5. c4 Nb6 6. Nc3 Bg7 7. c5 Nd5 8. Bc4
c6 9. O-O O-O 10. Re1 Bg4 11. Bg5 h6 12. Nxd5 hxg5 13. Nxe7+ Kh8 14. Qd3 Bf6
15. Nxg6+ fxg6 16. Qxg6 Qd7 17. Qh6+ 1-0

[Event "SV Königsspringer Lemgo 1 - SK Münste"]
[Site "NRW-Klasse - Gruppe 1 2021/20"]
[Date "2021.12.19"]
[Round "3.3"]
[White "Wieder, Heiner"]
[Black "Pajewski, Oliver"]
[Result "1-0"]
[WhiteElo "2028"]
[BlackElo "2002"]
[PlyCount "87"]
[EventDate "2021.??.??"]
[SourceVersionDate "2020.03.16"]
[WhiteTeam "SK Münster 3"]
[BlackTeam "SV Königsspringer Lemgo 1"]

1. e4 e6 2. d4 b6 3. Nf3 Bb7 4. Bd3 Nf6 5. Qe2 d5 6. e5 Nfd7 7. Bg5 Be7 8. h4
c5 9. c3 Nc6 10. Nbd2 cxd4 11. cxd4 Nb4 12. Kf1 Nxd3 13. Qxd3 a5 14. Kg1 Ba6
15. Qe3 Rc8 16. Rh3 h6 17. Bxe7 Qxe7 18. h5 Qb4 19. Rg3 Qxb2 20. Rb1 Rc1+ 21.
Rxc1 Qxc1+ 22. Kh2 Kf8 23. Qf4 Be2 24. Qh4 Qc7 25. Ng1 Bc4 26. Qg4 Rg8 27. Rf3
f5 28. Qg6 Ke7 29. Qh7 Nf6 30. Qg6 Bxa2 31. Nh3 Ne4 32. Nf4 Qc8 33. Nf1 Bc4 34.
Ne3 b5 35. g4 Ng5 36. Nfxd5+ Kd8 37. Rf4 Qc6 38. Nxc4 bxc4 39. Nf6 Nf3+ 40. Kg3
Nxd4 41. Rxd4+ Kc7 42. Qf7+ Kb6 43. Nd7+ Kb5 44. Qxg8 1-0

[Event "SV Königsspringer Lemgo 1 - SK Münste"]
[Site "NRW-Klasse - Gruppe 1 2021/20"]
[Date "2021.12.19"]
[Round "3.4"]
[White "Kirchner, Karl-Heinz"]
[Black "Baumann, Stephan"]
[Result "0-1"]
[WhiteElo "1866"]
[BlackElo "1997"]
[PlyCount "132"]
[EventDate "2021.??.??"]
[SourceVersionDate "2020.03.16"]
[WhiteTeam "SV Königsspringer Lemgo 1"]
[BlackTeam "SK Münster 3"]

1. d4 Nf6 2. Bf4 c5 3. c3 e6 4. e3 d5 5. Bd3 Bd6 6. Bg3 Nc6 7. Nd2 e5 8. dxe5
Nxe5 9. Bc2 O-O 10. Ngf3 Nxf3+ 11. Nxf3 Bg4 12. Bh4 Be7 13. Qd3 g6 14. h3 Bf5
15. Qd1 Ne4 16. Bxe7 Qxe7 17. O-O Rad8 18. Re1 Rd6 19. Qe2 Rfd8 20. Rad1 g5 21.
Nh2 Rh6 22. f3 Ng3 23. Qf2 Bxc2 24. Qxc2 Re6 25. Qf2 Nh5 26. Nf1 Qd6 27. Re2
Qa6 28. Red2 Qxa2 29. e4 Red6 30. Qxc5 b6 31. Qe3 Nf4 32. Ng3 Qc4 33. Nf5 Re6
34. g3 Ng6 35. Rxd5 Rxd5 36. Rxd5 Qxd5 37. exd5 Rxe3 38. Nxe3 Ne5 39. Kg2 b5
40. d6 Kf8 41. Nd5 a5 42. Nc7 Nc4 43. Nxb5 Nxb2 44. Na3 Ke8 45. f4 gxf4 46.
gxf4 Kd7 47. Kf3 Kxd6 48. Ke4 Kc5 49. Kf5 Nc4 50. Nb1 Ne3+ 51. Kf6 Nd5+ 52.
Kxf7 Nxf4 53. h4 a4 54. Na3 Nd5 55. Kg7 h5 56. Kg6 Nxc3 57. Kxh5 Kb4 58. Nc2+
Kb3 59. Na1+ Kb2 60. Kg6 Ne2 61. Kf5 Ng3+ 62. Kg4 Kxa1 63. Kxg3 Kb1 64. h5 a3
65. h6 a2 66. h7 a1=Q 0-1

[Event "SV Königsspringer Lemgo 1 - SK Münste"]
[Site "NRW-Klasse - Gruppe 1 2021/20"]
[Date "2021.12.19"]
[Round "3.5"]
[White "Kaufhold, Thomas"]
[Black "Lu, Trung Cang"]
[Result "1-0"]
[WhiteElo "2014"]
[BlackElo "1834"]
[PlyCount "49"]
[EventDate "2021.??.??"]
[SourceVersionDate "2020.03.16"]
[WhiteTeam "SK Münster 3"]
[BlackTeam "SV Königsspringer Lemgo 1"]

1. d4 Nf6 2. c4 g6 3. Nc3 d5 4. Bf4 Bg7 5. Nf3 O-O 6. Rc1 dxc4 7. e3 c5 8. Bxc4
cxd4 9. exd4 Bg4 10. O-O Nc6 11. d5 Na5 12. Be2 Rc8 13. h3 Bxf3 14. Bxf3 Nc4
15. Qe2 Nd6 16. Nb5 Qb6 17. Nxd6 exd6 18. b3 Rfe8 19. Qd2 Nd7 20. Be3 Qa6 21.
Be2 Qa3 22. Bb5 Rcd8 23. Rc7 Re7 24. Rxb7 a6 25. Ra7 1-0